000 00799nam a2200217Ia 4500
001 15243
003 GE_BSU
008 181216s||||||||xx |||||||||||||| ||und||
040 _cGE_BSU
080 _a821.353.1+821.353.1-32+821.353.1-1
100 _aშანშიაშვილი, სანდრო
245 _aრჩეული თხზულებანი. ტ.5
245 _bმოთხრობა,პიესები,მოგონებები
260 _aთბილისი
260 _bსაბჭოთა საქართველო
260 _c1970
300 _a425გვ.23სმ.
653 _aმოთხრობა,პიესები,მოგონებები
653 _aრჩეული თხზულებანი
942 _cBK
999 _c48355
_d48355